<?xml version="1.0" encoding="UTF-8"?>
<record
    xmlns:xsi="http://www.w3.org/2001/XMLSchema-instance"
    xsi:schemaLocation="http://www.loc.gov/MARC21/slim http://www.loc.gov/standards/marcxml/schema/MARC21slim.xsd"
    xmlns="http://www.loc.gov/MARC21/slim">

  <leader>02110nam a2200301 a 4500</leader>
  <controlfield tag="001"> </controlfield>
  <controlfield tag="003">DO-SdBNP</controlfield>
  <controlfield tag="005">20210819134449.0</controlfield>
  <controlfield tag="008">091013s2007    dr            001 0 spa d</controlfield>
  <datafield tag="020" ind1=" " ind2=" ">
    <subfield code="a">9789945861327</subfield>
  </datafield>
  <datafield tag="040" ind1=" " ind2=" ">
    <subfield code="a">DO-SdBNP</subfield>
    <subfield code="b">spa</subfield>
    <subfield code="c">BPMSU</subfield>
  </datafield>
  <datafield tag="082" ind1=" " ind2=" ">
    <subfield code="a">RD860.409</subfield>
    <subfield code="b">I37d, 2007</subfield>
    <subfield code="2">22</subfield>
  </datafield>
  <datafield tag="100" ind1="1" ind2=" ">
    <subfield code="a">Inch&#xE1;ustegui Cabral, H&#xE9;ctor,</subfield>
    <subfield code="d">1912-1979.</subfield>
  </datafield>
  <datafield tag="245" ind1="1" ind2="0">
    <subfield code="a">De literatura dominicana siglo veinte /</subfield>
    <subfield code="c">H&#xE9;ctor Inch&#xE1;ustegui Cabral ; presentaci&#xF3;n Daniel Toribio.</subfield>
  </datafield>
  <datafield tag="260" ind1=" " ind2=" ">
    <subfield code="a">Santo Domingo :</subfield>
    <subfield code="b">BanReservas :</subfield>
    <subfield code="b">Sociedad Dominicana de Bibli&#xF3;filos,</subfield>
    <subfield code="c"> </subfield>
  </datafield>
  <datafield tag="300" ind1=" " ind2=" ">
    <subfield code="a">434 p. ;</subfield>
    <subfield code="c">19 cm.</subfield>
  </datafield>
  <datafield tag="490" ind1="0" ind2=" ">
    <subfield code="a">Bibli&#xF3;filos-BanReservas,</subfield>
    <subfield code="v">2</subfield>
  </datafield>
  <datafield tag="500" ind1=" " ind2=" ">
    <subfield code="a">Incluye &#xED;ndice de nombres.</subfield>
  </datafield>
  <datafield tag="504" ind1=" " ind2=" ">
    <subfield code="a">Bibliograf&#xED;a: p. 374-401</subfield>
  </datafield>
  <datafield tag="505" ind1="0" ind2=" ">
    <subfield code="t">Presentaci&#xF3;n /</subfield>
    <subfield code="r">Daniel Toribio --</subfield>
    <subfield code="t">Exordio /</subfield>
    <subfield code="r">Mariano Mella --</subfield>
    <subfield code="t">De literatura dominicana siglo veinte /</subfield>
    <subfield code="r">Andr&#xE9;s L. Mateo --</subfield>
    <subfield code="t">Las ciegas esperanzas --</subfield>
    <subfield code="t">El tiempo, la muerte y la poes&#xED;a --</subfield>
    <subfield code="t">La puerta abierta -- Los &#xE1;rboles y el bosque --</subfield>
    <subfield code="t">La esfinge de sal -</subfield>
    <subfield code="t">El pez rojo --</subfield>
    <subfield code="t">La mancha en el lavabo --</subfield>
    <subfield code="t">La ara&#xF1;a sobre la tela rota --</subfield>
    <subfield code="t">Cartas a Sergio --</subfield>
    <subfield code="t">Ensayos sobre temas diversos --</subfield>
    <subfield code="t">La angustia de la patria en Deligne --</subfield>
    <subfield code="t">La ciudad como novela --</subfield>
    <subfield code="t">Vida y novela --</subfield>
    <subfield code="t">Poes&#xED;a y poetas --</subfield>
    <subfield code="t">Caf&#xE9; derramado en la camisa --</subfield>
    <subfield code="t">Una carta a Joaqu&#xED;n --</subfield>
    <subfield code="t">La raya en el coraz&#xF3;n --</subfield>
    <subfield code="t">Los analfabetismos fundamentales --</subfield>
    <subfield code="t">Rosa, Rosa, dame un gancho --</subfield>
    <subfield code="t">El dominicano en peligro de asfixia moral --</subfield>
    <subfield code="t">Los poetas m&#xE1;s all&#xE1; de las trincheras o la pol&#xED;tica y la poes&#xED;a--</subfield>
    <subfield code="t">Novela e indagaci&#xF3;n social --</subfield>
    <subfield code="t">Los enemigos de la tierra, de Requena --</subfield>
    <subfield code="t">La Ma&#xF1;osa, de Bosch --</subfield>
    <subfield code="t">Over, de Marrero --</subfield>
    <subfield code="g">Ep&#xED;logos --</subfield>
    <subfield code="t">Con perd&#xF3;n, el sexo --</subfield>
    <subfield code="t">Las ediciones --</subfield>
    <subfield code="t">Cr&#xF3;nica del Sur --</subfield>
    <subfield code="t">Entre dos antes y un despu&#xE9;s --</subfield>
    <subfield code="t">El otro lado del ca&#xF1;amazo --</subfield>
    <subfield code="t">Gu&#xED;a de escritores dominicanos mencionados.</subfield>
  </datafield>
  <datafield tag="590" ind1=" " ind2=" ">
    <subfield code="a">Inventariado, 2021/VM</subfield>
  </datafield>
  <datafield tag="650" ind1=" " ind2="4">
    <subfield code="a">Literatura dominicana</subfield>
    <subfield code="x">Historia y cr&#xED;tica</subfield>
    <subfield code="y">Siglo XX</subfield>
  </datafield>
  <datafield tag="650" ind1=" " ind2="4">
    <subfield code="a">Autores dominicanos</subfield>
    <subfield code="x">Historia y cr&#xED;tica</subfield>
    <subfield code="y">Siglo XX </subfield>
  </datafield>
  <datafield tag="700" ind1="1" ind2=" ">
    <subfield code="a">Toribio, Daniel</subfield>
  </datafield>
  <datafield tag="710" ind1="2" ind2=" ">
    <subfield code="a">Sociedad Dominicana de Bibli&#xF3;filos </subfield>
  </datafield>
  <datafield tag="910" ind1=" " ind2=" ">
    <subfield code="a">VMateo V-</subfield>
  </datafield>
  <datafield tag="942" ind1=" " ind2=" ">
    <subfield code="2">ddc</subfield>
    <subfield code="c">BK</subfield>
  </datafield>
  <datafield tag="952" ind1=" " ind2=" ">
    <subfield code="0">0</subfield>
    <subfield code="1">0</subfield>
    <subfield code="2">ddc</subfield>
    <subfield code="4">0</subfield>
    <subfield code="7">0</subfield>
    <subfield code="8">CD</subfield>
    <subfield code="a">BPMET</subfield>
    <subfield code="b">BPMET</subfield>
    <subfield code="d">2017-10-30</subfield>
    <subfield code="e"> </subfield>
    <subfield code="o">BPMSU CD RD860.409  I37d 2007</subfield>
    <subfield code="p">BPMSU17100177</subfield>
    <subfield code="r">2017-10-30</subfield>
    <subfield code="t">e.2</subfield>
    <subfield code="w">2017-10-30</subfield>
    <subfield code="y">BK</subfield>
  </datafield>
  <datafield tag="952" ind1=" " ind2=" ">
    <subfield code="0">0</subfield>
    <subfield code="1">0</subfield>
    <subfield code="2">ddc</subfield>
    <subfield code="4">0</subfield>
    <subfield code="7">0</subfield>
    <subfield code="8">CD</subfield>
    <subfield code="a">BPMET</subfield>
    <subfield code="b">BPMET</subfield>
    <subfield code="d">2017-10-30</subfield>
    <subfield code="e">Fundaci&#xF3;n Juan Bosch </subfield>
    <subfield code="o">BPMSU CD RD860.409 I37d 2007 </subfield>
    <subfield code="p">BPMSU21100139</subfield>
    <subfield code="r">2021-10-22</subfield>
    <subfield code="w">2017-10-30</subfield>
    <subfield code="y">BK</subfield>
  </datafield>
  <datafield tag="999" ind1=" " ind2=" ">
    <subfield code="c">12724</subfield>
    <subfield code="d">12724</subfield>
  </datafield>
</record>
